000 00566nam a22001937a 4500
999 _c11804
_d11804
008 210111b ||||| |||| 00| 0 eng d
020 _a9781259006159
082 _a005.26
_bHAL
100 _aHall, Douglas V.
245 _aMicroprocessors and interfacing : programming and hardware
250 _a3rd Ed.
260 _aNew Delhi
_bTata McGraw Hill Education Pvt. Ltd.
_c2012
300 _axviii, I.7p.
_bPbc
650 _aMicroprocessors
650 _aComputer interfaces
650 _aMicroprocessors--Programming
700 _aRao, S.S.S.P.
942 _cBK